Vanderbilt law review

Bibliographic Details
Corporate Author: Vanderbilt University. School of Law
Format: Electronic Journal
Language:English
Published: [Nashville, Tenn.] : Vanderbilt University School of Law, 1947-
Subjects:
Online Access:Full text available from Research Library: 01/01/1997 to present

MARC

LEADER 00000nas a2200000 a 4500
001 ssj0001327
003 WaSeSS
005 20200512172242.0
006 m d
007 cr n
008 000302c19479999tnubx pss 0 a0eng c
010 |a  2004255340 
016 |a 000024299770  |2 AU 
022 |a 1942-9886  |l 0042-2533  |y 0042-2533 
035 |a (WaSeSS)ssj0001327 
037 |b Vanderbilt Law Review, Vanderbilt University, School of Law, 131 21st Ave. South, Nashville, TN 37203-1181 
040 |a UV$  |b eng  |c UV$  |d OCLCQ  |d ZCU  |d OCLCQ  |d DLC  |d OCLCQ  |d OCLCF  |d OCLCO  |d OCLCQ  |d OCLCA  |d AU@  |d VT2  |d OCL  |d UUM  |d WaSeSS 
042 |a pcc  |a nsdp 
043 |a n-us-tn 
050 1 4 |a K26 
082 1 0 |a 340  |2 14 
130 0 |a Vanderbilt law review (Online) 
222 0 |a Vanderbilt law review  |b (Online) 
245 1 0 |a Vanderbilt law review  |h [electronic resource]. 
260 |a [Nashville, Tenn.] :  |b Vanderbilt University School of Law,  |c 1947- 
310 |a Six no. a year,  |b <2003-> 
321 |a Frequency varies 
362 0 |a Vol. 1 (Dec. 1947)- 
500 |a Title from title screen (Hein Online, viewed July 30, 2004). 
506 |a License restrictions may limit access. 
538 |a Mode of access: World Wide Web browser. 
588 |a Latest issue consulted: Vol. 60, no. 1 (Jan. 2007). 
650 0 |a Law reviews  |z Tennessee. 
650 7 |a Law reviews.  |2 fast  |0 (OCoLC)fst00994120 
651 7 |a Tennessee.  |2 fast  |0 (OCoLC)fst01205353 
655 0 |a Electronic journals. 
710 2 |a Vanderbilt University.  |b School of Law. 
776 0 8 |i Print version:  |t Vanderbilt law review  |x 0042-2533  |w (DLC)sf 79010506  |w (OCoLC)1768951 
856 4 0 |z Full text available from Research Library: 01/01/1997 to present  |u https://search.proquest.com/publication/49232